000 00505nam a2200145Ia 4500
008 100204s9999 xx 000 0 und d
082 _b432
100 _aरांगणेकर कुमुदिनी
245 _aगोडी अपुर्णतेची
260 _b"उदयदीप प्रकाशन , मुंबई"
_c1978
300 _a144
630 _aगोडी अपुर्णतेची
730 _aगोडी अपुर्णतेची
942 _cBOOK
999 _c445627
_d445624